Statistics for Pixar Movies Based on Rotten Tomatoes

Click here to take the quiz!

General Stats

  • This quiz has been taken 20 times
  • The average score is 14 of 21

Answer Stats

ScoreAnswer% Correct
100%Toy Story
100%
100%Toy Story 2
93%
99%Finding Nemo
87%
75%Cars
80%
94%Finding Dory
80%
92%A Bug's Life
73%
39%Cars 2
73%
69%Cars 3
73%
98%Up
73%
96%Monsters, Inc.
67%
98%Toy Story 3
67%
98%Inside Out
60%
80%Monsters University
60%
97%The Incredibles
60%
94%Incredibles 2
53%
78%Brave
47%
96%Ratatouille
47%
97%Toy Story 4
47%
95%WALL-E
47%
97%Coco
40%
76%The Good Dinosaur
40%

Score Distribution

Percentile by Number Answered

Percent of People with Each Score

Your Score History

You have not taken this quiz